000 00479nam a22001697a 4500
999 _c5666
_d5666
003 GBCCL
005 20241126110547.0
008 180403b ||||| |||| 00| 0 eng d
040 _cgbc
082 _a232.954
_bCHR
245 _aChrist's answers on key subjects /
_cCompiled by E. C. McKenzie
260 _aTexas:
_bChristian Publishing Co. Inc.,
_c1958
300 _a166 p.;
_c17 cm.
650 _aJesus Christ
_vTeachings
_98577
650 _aJesus Christ
_95883
942 _2ddc
_cBK